| 000 | 00589nam a2200157 4500 | ||
|---|---|---|---|
| 999 |
_c12571 _d12571 |
||
| 008 | 240224b ||||| |||| 00| 0 eng d | ||
| 040 | _aBMS College of Architecture | ||
| 100 | _aPonnuru Akhil | ||
| 245 | _aAutism & ADHD Rehabilitation centre, Bangalore. An architectural attempt in designing transformational spaces. | ||
| 300 | _a62p. | ||
| 500 | _a1CF19AT064 | ||
| 502 |
_8B.Arch. _NBMS College of Architecture, Visvesvaraya Technological University (VTU) _aProject report _d2023 |
||
| 700 |
_aSeema Thippeswamy Guide _eGuide |
||
| 710 |
_aSandhya Sharad _aGuide |
||
| 942 |
_2ddc _cTHE |
||